El sueño de Justiniano

Guardat en:
Dades bibliogràfiques
Autor principal: Felip Represa, Salvador (Autor)
Format: Llibre
Idioma:espanyol
Publicat: Barcelona Ediciones B 2010
Edició:1a. ed
Matèries:
Etiquetes: Afegir etiqueta
Sense etiquetes, Sigues el primer a etiquetar aquest registre!

MARC

LEADER 00000cam a2200000 a 4500
001 UCG9997
003 CL-VaPUC
008 120420e20101100SP |||||||||||||||||spa|d
020 |a 9788466645188 
082 0 4 |a 863  |b FEL  |2 21 
100 0 |a Felip Represa, Salvador  |e author  |9 561792 
245 1 3 |a El sueño de Justiniano 
250 |a 1a. ed 
300 |a 859 p 
942 |c BK 
945 |d 20120420 00:00:00  |a dcastane 
260 |a Barcelona  |b Ediciones B  |c 2010 
650 7 |a RELATOS ESPAÑOLES  |2 CL-VaPUC  |9 386875 
650 0 |a Literatura española  |9 306261 
650 0 |a Imperio Bizantino  |9 315386 
583 |a last modification  |c 20120420 11:58:00  |k Rodrigo Vera 
999 |c 347520  |d 347518 
952 |0 0  |1 0  |4 0  |6 863_000000000000000_FEL_2010  |7 0  |8 A  |9 448924  |a BIBING  |b BIBING  |d 2019-11-22  |i 4860063  |o 863 FEL 2010  |p 4860063  |r 2023-03-02  |w 2019-11-22  |y BK  |k CUI